THE ATM TECHNOLOGICAL GOALS OF A NSP

Bibliographic Details
Main Author: Skliros, Andreas (Author)
Format: Article
Language:English
ISBN:8088964024

MARC

LEADER 00000naa a2200000uu 4500
001 vtls010954402
003 SK-MaSNL
005 20260302124023.0
008 210906|1999 xo |||||||||||||||||eng|
015 |a SNBRA 
035 |a (urnnbn)urn:nbn:sk:snk:ar-a0bmdl 
035 |a (uuid)8960b72d-fb24-4d47-816b-dd19d0bdcbd8 
035 |a urn:nbn:sk:snk-aauecm 
040 |a SNKBUCL  |b slo  |c SNKBUCL  |e AACR2 
041 0 |a eng 
044 |a xo  |c SK 
100 1 |a Skliros, Andreas  |4 aut  |9 809580 
245 1 0 |a THE ATM TECHNOLOGICAL GOALS OF A NSP  |c Andreas Skliros 
773 0 |t ATMTU '99 - ATM technology users symposium with international participation  |d Košice : Elfa, 1999, 1999  |g S. 122-125  |z 8088964024 
958 |a OND 
958 |a article11 
958 |a chapter 
999 |c 1285778  |d 1287708